[Event "Olympiad Women 2024"]
[Site "Budapest HUN"]
[Date "2024.09.14"]
[Round "4.17"]
[Board "2"]
[White "Li, Yunshan"]
[Black "Cooke, Suzie G."]
[Result "1/2-1/2"]
[WhiteElo "2268"]
[BlackElo "1941"]
[PlyCount "60"]
[EventDate "2024.09.11"]
[WhiteTeam "Canada"]
[BlackTeam "Scotland"]
[WhiteTeamCountry "CAN"]
[BlackTeamCountry "SCO"]

1. d4 e6 2. c4 Nf6 3. g3 d5 4. Bg2 c5 5. cxd5 exd5 6. Nf3 Nc6 7. Nc3 c4 8. O-O Be7 9. Ne5 O-O 10. b3 cxb3 11. axb3 Nb4 ({RR} 11... Bf5 12. Ba3 Bxa3 13. Rxa3 Qe7 14. Ra4 Nb4 15. Qd2 a5 16. Rfa1 b6 17. Na2 Nxa2 18. R4xa2 Rac8 19. e3 h6 20. Bf3 Rc7 21. Rc1 Rfc8 22. Raa1 Ne4 23. Bxe4 Bxe4 24. Rxc7 Qxc7 25. f3 Bf5 26. b4 {0-1 Momin Fayzan (1950)-Hayrapetyan,E (2288) Titled Tue 18th Jun Late 2024 (10)}) 12. Ba3 Bf5 13. Qd2 Rc8 $146 ({RR} 13... a6 14. Na4 a5 15. Nc5 Nc2 16. Nxb7 Qc7 17. Bxe7 Qxe7 18. Nc5 Nxa1 19. Rxa1 Qc7 20. f3 Rfe8 21. Rc1 Qb6 22. h3 Rac8 23. Kh2 Be6 24. Ra1 Ra8 25. e4 Qb4 26. Qe3 Rec8 27. Ra4 Qb6 28. g4 {1-0 Weetik,V (2423)-Vusatiuk,V (2308) Titled Tuesday intern op 05th Apr Late blitz 2022 (11)}) 14. Rfc1 a5 15. Nd1 Bc2 16. Ne3 Bxb3 17. Nf5 Rxc1+ 18. Rxc1 Kh8 19. Nxe7 Qxe7 20. Nd3 Re8 21. Bf3 Bc4 22. Nxb4 axb4 23. Bxb4 Qe6 24. Ra1 Ne4 25. Qe3 h6 26. Bxe4 Qxe4 27. Qxe4 Rxe4 28. e3 Re8 29. Bc5 b5 30. Ra7 Kg8 1/2-1/2

[Event "Olympiad Women 2024"]
[Site "Budapest HUN"]
[Date "2024.09.14"]
[Round "4.17"]
[Board "3"]
[White "Giulian, Rosemary A"]
[Black "Demchenko, Svitlana"]
[Result "1/2-1/2"]
[WhiteElo "1922"]
[BlackElo "2167"]
[PlyCount "60"]
[EventDate "2024.09.11"]
[WhiteTeam "Scotland"]
[BlackTeam "Canada"]
[WhiteTeamCountry "SCO"]
[BlackTeamCountry "CAN"]

1. e4 c5 2. c3 Nf6 3. e5 Nd5 4. Nf3 Nc6 5. d4 cxd4 6. cxd4 d6 7. Bc4 Nb6 8. Bb5 Bd7 9. Nc3 dxe5 10. dxe5 g6 11. O-O Bg7 12. Bf4 O-O 13. h3 a6 14. Bd3 Rc8 ({RR} 14... Be6 15. Be4 Nc4 16. Qe2 Qa5 17. Bxc6 bxc6 18. Nd4 Bd5 19. Rac1 Qb6 20. Nb3 a5 21. Rfd1 a4 22. Nd4 Qxb2 23. Nxc6 Bxc6 24. Qxc4 Qb7 25. Nd5 Bxd5 26. Qxd5 Qb4 27. Rc4 Qb2 28. Rd2 Qb1+ 29. Kh2 {½-½ Vaz,E (2392)-Lazavik,D (2578) Titled Tue 30th Jul Early 2024 (9)}) 15. Qe2 $146 ({RR} 15. Rc1 Be6 16. Re1 Nc4 17. Qe2 Nd4 18. Nxd4 Qxd4 19. Bg3 Nxb2 20. Qxb2 Qxd3 21. Red1 Qf5 22. Qxb7 Bh6 23. f4 Bxf4 24. Rf1 Be3+ 25. Kh2 Qd3 26. Rfd1 Bd2 27. Ne4 Rxc1 28. Rxd2 Qb1 29. Qxb1 Rxb1 {0-1 Hlusevich,S-Aljautdinova,M URS Trade Unions-chT (Women) 1983 (5)}) 15... Nb4 16. Be4 Bc6 17. Bxc6 Rxc6 18. Rfd1 N4d5 19. Nxd5 Nxd5 20. Bg3 e6 21. Nd4 Rc7 22. Rac1 Rd7 23. Nb3 Qb6 24. Nc5 Rc7 25. Ne4 Rfc8 26. Qd2 Rc6 27. Nd6 R8c7 28. Ne8 Rc8 29. Nd6 R8c7 30. Ne8 Rc8 1/2-1/2

[Event "Olympiad Women 2024"]
[Site "Budapest HUN"]
[Date "2024.09.14"]
[Round "4.17"]
[Board "4"]
[White "Golubeva, Oksana"]
[Black "Bhatia, Kanishka"]
[Result "1-0"]
[WhiteElo "2119"]
[BlackElo "1908"]
[PlyCount "105"]
[EventDate "2024.09.11"]
[WhiteTeam "Canada"]
[BlackTeam "Scotland"]
[WhiteTeamCountry "CAN"]
[BlackTeamCountry "SCO"]

1. d4 {Tsesarsky,Ilya} Nf6 2. c4 g6 3. Nc3 Bg7 4. e4 d6 5. Nf3 O-O 6. Be2 e5 7. d5 Nbd7 ({RR} 7... a5) ({RR} 7... Na6) 8. h4 Nc5 ({RR} 8... a5 9. Nd2 h5 10. Nf3 Nc5 11. Ng5 ({RR} 11. Bg5 c6 12. Nd2 Qe8 13. f3 Bd7 14. Nb3 Nxb3 15. Qxb3 Bc8 16. Qa3 c5 17. Nb5 Qd7 18. O-O-O) 11... Bd7 ({RR} 11... c6 12. Be3 ({RR} 12. f3 a4 ({RR} 12... Qb6 13. Rb1 cxd5 14. cxd5 Bd7 15. Be3 Rfc8 16. Qd2 a4 17. O-O Rf8 18. Rbc1 Rac8 19. Nb1 Qd8 20. Na3) 13. Be3 cxd5 14. cxd5 Qa5 15. Qd2 Bd7 16. Nb1 Qxd2+ 17. Kxd2 Ne8 18. Na3 f6 19. Nh3 Rb8 20. Bb5 Rf7 21. Rac1 b6 22. Nf2) 12... Bd7 ({RR} 12... cxd5 13. cxd5 Ng4 14. Bxc5 ({RR} 14. Bxg4 Bxg4 15. f3 Bd7 16. g4 ({RR} 16. Qe2 a4 17. Kf2 Qa5 18. Rab1 Rac8 19. Kg3 b5 20. Nd1 b4) 16... f6 17. Bxc5 dxc5 18. Ne6 Bxe6 19. dxe6) 14... dxc5 15. Qb3) 13. f3 cxd5 14. cxd5 ({RR} 14. exd5 Ne8 15. Qc2 a4 16. O-O)) 12. Be3 Ng4 13. Bxg4 Bxg4 14. f3 Bd7 15. Qe2 b6 16. O-O-O f6 17. Nh3 Kf7 18. g4) 9. Nd2 ({RR} 9. Bg5 Bg4 10. Nd2 ({RR} 10. b4 Na6 11. Rb1) 10... Bd7 11. b4 Na6 12. Be3 c6 13. b5 Nc7 14. h5 ({RR} 14. dxc6 bxc6 15. h5 cxb5 16. cxb5 d5 17. exd5 Ncxd5 18. Nxd5 Nxd5 19. Bc5 Re8 20. hxg6 hxg6 21. Rc1 Nf4 22. Bf1 e4) ({RR} 14. b6)) ({RR} 9. Qc2 a5 10. Be3 Bd7 11. Bxc5 dxc5 12. Nxe5 Nxd5 13. cxd5 Bxe5 14. h5 a4 15. a3 Qg5 16. g3 f5 17. hxg6 hxg6 18. Qd2 f4 19. gxf4 Bxf4 20. Qd3 Be5 21. Bf3 Qf4 22. Ke2 b5 23. d6 c6 {0-1 Zia,T (2229)-De Souza,C (2018) Titled Tuesday intern op 27th July blitz 2021 (5)}) 9... h5 ({RR} 9... Bh6 10. Qc2 a5 11. h5) ({RR} 9... h6 10. b4 Na6 11. a3 c5 12. Rb1 b6 13. Nf1 Bd7 14. h5 g5 15. Ne3) 10. f3 ({RR} 10. b4 Na6 11. Rb1 Ng4 12. c5 ({RR} 12. Nf3) 12... f5 13. cxd6 ({RR} 13. Nc4 dxc5 14. bxc5 Nxc5 15. f3 Nf6 16. Ba3 b6) 13... cxd6 14. Nc4 fxe4 15. Nxe4 Bf5 16. Bg5 Qc7 ({RR} 16... Bxe4 17. Bxd8 Nxf2 18. Qb3 Nxh1 19. Be7 Bxb1 20. Qxb1 Rfe8 21. Bxd6) 17. Bxg4 ({RR} 17. Ncd2 Rac8 18. O-O ({RR} 18. f3 Nf6 19. g4 Bxe4 20. fxe4 Qb6 21. Nc4 ({RR} 21. Rf1 Nxg4 22. Bxg4 hxg4 23. Qxg4 Nxb4) 21... Rxc4 22. Bxc4 Nxg4 23. Qd2) 18... Qd7 19. Bxa6 bxa6 20. Qe2) 17... Bxe4 ({RR} 17... Qxc4 18. Bxf5 gxf5 19. Nxd6 Qc7 20. Nb5 ({RR} 20. b5 Nb8) 20... Qc4 ({RR} 20... Qb6 21. a4) 21. Qe2 Qxd5 22. O-O) ({RR} 17... Bxg4 18. Qb3) 18. Be6+ Kh7 19. Rc1 Nxb4 ({RR} 19... Bxg2 20. Rg1 Bf3 21. Qb3 e4 22. Ne5 Qb6 ({RR} 22... Bxe5 23. Rxc7+ Nxc7 24. Qc4 ({RR} 24. Bh3 Nxd5 25. Qxd5 Bc3+ 26. Bd2 e3) 24... Nxe6 25. dxe6 Rfc8 ({RR} 25... Rac8 26. e7) 26. Qd5 ({RR} 26. Qb5 Rc7 27. e7 Rac8 28. e8=Q Rc1+ 29. Kd2 ({RR} 29. Bxc1 Rxc1+ 30. Kd2 Bf4#) 29... R8c2+ 30. Ke3 Rc3+ 31. Kd2) 26... e3 ({RR} 26... Rc7 27. e7 Kg7 28. Qe6 Re8 29. Bh6+ Kh8 30. Qxg6 Rcxe7 31. Bf8) 27. Qxf3 Rc1+ 28. Ke2 Rxg1 29. Qxb7+) 23. Nxg6) 20. O-O Nd3 ({RR} 20... Nxa2 21. Qe2 Nxc1 22. Rxc1 ({RR} 22. Qxe4 Nb3 23. g4 Nc5 24. Qe2 hxg4 25. Qxg4 Nxe6 26. dxe6 Rf4) 22... b5 23. Qxe4 ({RR} 23. Nxe5 Qb7 ({RR} 23... Qa5 24. Nd7) ({RR} 23... Qb6 24. Nd7 Qd4 25. Be3 Qa4 26. Nxf8+ Rxf8 27. Rc7 Kh8 ({RR} 27... Qa1+ 28. Bc1) 28. Bc1 Qb4 29. Rxg7 Kxg7 30. Qe3 Rf7 31. Ba3 Qc4 ({RR} 31... Qb1+ 32. Kh2 Qd3 33. Bb2+) 32. Bxf7 ({RR} 32. Bb2+ Kf8 33. Qh6+ Ke7 34. Qg5+ Ke8 35. Bxf7+ Kxf7 36. Qf6+ Ke8 37. Qe6+ Kd8 38. Qxd6+ Kc8) 32... Kxf7 33. Qxa7+ Kg8 34. Bxd6 Bxd5 35. Be5 Kf8 36. Qg7+ Ke8 37. Qxg6+) 24. Qxe4 ({RR} 24. Nd7 Bxd5 25. Nxf8+ Rxf8 26. Bxd5 Qxd5) 24... Bxe5 25. g4 Rae8 26. Rc6 hxg4 27. h5 Rg8 28. Qc2 Kh8 29. Rc7 Qb8 30. Qc1) 23... bxc4 24. g4 Qb6 25. Be3 Qd8 26. gxh5 Qf6 27. Rxc4) 21. Qe2 Nc5 22. Nxe5 Bxe5 ({RR} 22... dxe5 23. Qxe4 Qb6 24. Qc4 ({RR} 24. Rxc5 Qxc5 25. g4 Qd4 26. Qc2 ({RR} 26. Qb1 Rf3 ({RR} 26... hxg4 27. Be3 ({RR} 27. h5 e4 28. Be3 ({RR} 28. hxg6+ Kxg6 29. Be3 Qd3 30. Qxb7 g3) 28... Qd3 29. h6 Bf6 30. Qxb7+ Kh8 31. Bxg4) 27... Qa4 28. h5 e4 29. h6 Bxh6 30. Qxb7+ Bg7 31. Kg2) 27. gxh5 Rg3+ 28. Kh2 Rxg5 29. hxg5 Qf4+) 26... hxg4 27. Be3 Qb4 28. h5) 24... Nxe6 25. dxe6 Rae8 ({RR} 25... Rac8 26. Qxc8 Rxc8 27. Rxc8 Qxe6 28. Rc7 Qb6 29. Rfc1) 26. e7) 23. Qxe4 Qg7 ({RR} 23... Rae8 24. g4) ({RR} 23... Nxe4 24. Rxc7+ Bg7 25. Be7 Rf4 26. Re1) 24. Rxc5 dxc5 {1-0 Tsesarsky,I (2458)-Boim,I (2424) ISR-chT Ramat Aviv 2000 (4.2)}) 10... Bh6 $146 ({RR} 10... Nh7 11. g4 Bf6 12. g5 Be7 13. Nb3 Nxb3 14. axb3 f6 15. gxf6 Bxf6 16. Be3 Bxh4+ 17. Kd2 Bg5 18. Qg1 Qf6 19. Nb5 Rf7 20. Qg2 Bxe3+ 21. Kxe3 Rg7 22. Rag1 a6 23. Nc3 Bd7 24. Kd3 Nf8 25. Nd1 {0-1 Golebiowski,A-Britton,R (2254) London Classic op 2009 (1)}) 11. b4 Na6 12. a3 Be3 13. Nb3 Bxc1 14. Qxc1 c6 15. Qg5 Nh7 16. Qxd8 Rxd8 17. O-O-O Nc7 18. dxc6 bxc6 19. Na5 Ne6 20. Nxc6 Rd7 21. g3 Nhf8 22. Nb5 Bb7 23. Na5 Ba6 24. Nb3 Rc8 25. Kb2 f5 26. exf5 gxf5 27. Nxd6 Rcc7 28. b5 Nd4 29. Nxd4 Rxd6 30. Nxf5 Rf6 31. Nd6 Bb7 32. Ne8 Rcf7 33. Nxf6+ Rxf6 34. c5 Kf7 35. c6 Bc8 36. Rd8 Be6 37. c7 Ke7 38. c8=Q Bxc8 39. Rxc8 Ne6 40. Rc6 Rf8 41. Re1 Nd4 42. Rc7+ Kd6 43. Rxa7 Kc5 44. Rc1+ Kb6 45. Ra6+ Kb7 46. Bd3 Nxb5 47. Bxb5 e4 48. fxe4 Rf2+ 49. Rc2 Rf3 50. Rg6 Re3 51. Rf2 Kb8 52. Rf7 Rxe4 53. Rg8+ 1-0

[Event "Olympiad Women 2024"]
[Site "Budapest HUN"]
[Date "2024.09.14"]
[Round "4.18"]
[Board "1"]
[White "Partac, Elena"]
[Black "Linares Napoles, Oleiny"]
[Result "1/2-1/2"]
[WhiteElo "2078"]
[BlackElo "2201"]
[PlyCount "32"]
[EventDate "2024.09.11"]
[WhiteTeam "Moldova"]
[BlackTeam "Cuba"]
[WhiteTeamCountry "MDA"]
[BlackTeamCountry "CUB"]

1. e4 c6 2. d4 d5 3. exd5 cxd5 4. Bd3 Nc6 5. c3 Nf6 6. Bf4 g6 7. Nf3 Bg7 8. O-O O-O 9. Nbd2 Bf5 10. Bxf5 gxf5 11. Ne5 Rc8 12. h3 $146 ({RR} 12. Re1 e6 13. Qf3 Ne4 14. Nxe4 fxe4 15. Qg4 Kh8 16. Re3 f5 17. Qh5 Qe8 18. Rh3 Qxh5 19. Rxh5 Nxe5 20. dxe5 Rf7 21. Kf1 Bf8 22. Rd1 Rg7 23. Be3 Bc5 24. Bd4 Bxd4 25. Rxd4 Rc6 26. Ra4 a6 {1-0 Koehler,I (1618)-Reinecke,K (1583) GER-chT U14 Girls 2013 (5.2)}) ({RR} 12. Re1 Ne4 13. Nd3 e6 14. Re3 f6 15. Rh3 Qe8 16. f3 e5 17. Bh6 Ng5 18. Bxg5 fxg5 19. dxe5 Nxe5 20. f4 Nf7 21. Qh5 h6 22. Re1 Qd8 23. fxg5 Nxg5 24. Rg3 Rc6 25. Kh1 d4 26. cxd4 f4 {0-1 Buhmann,R (2587)-Epishin,V (2536) Gibraltar Masters 16th 2018 (10)}) ({RR} 12. Re1 e6 13. Nd3 Na5 14. Nf3 Nc4 15. Nfe5 Nd7 16. Nxd7 Qxd7 17. Qh5 Qe7 18. Qxf5 Qf6 19. Qxf6 Bxf6 20. Re2 h5 21. Nc5 Be7 22. Nxb7 Rc6 23. b4 Nd6 24. Bxd6 Bxd6 25. Nc5 a5 26. a3 Ra8 {1-0 Shuvalova,P (2472)-Safin,T (2157) Kurnosov Mem Rapid 2024 (6.12)}) ({RR} 12. Qf3 Ne4 13. Nxe4 fxe4 14. Qh5 Nxe5 15. Bxe5 Rc6 16. Bxg7 Kxg7 17. Qe5+ Kg8 18. Rfe1 Re6 19. Qh5 Qd6 20. Re3 Rh6 21. Rg3+ Kh8 22. Qg5 Rg6 23. Qf5 e6 24. Qh5 Rfg8 25. Re1 Qf4 26. Ree3 Rf6 {1-0 Muhren,M-Pintor,A (2049) EU Union-ch U16 2004 (5)}) 12... Qb6 13. Rb1 Qa6 14. Ra1 Qb6 15. Rb1 Qa6 16. Ra1 Qb6 1/2-1/2

[Event "Olympiad Women 2024"]
[Site "Budapest HUN"]
[Date "2024.09.14"]
[Round "4.70"]
[White "Arribas Robaina, Maritza"]
[Black "Verbin, Valentina"]
[Result "1-0"]
[WhiteElo "2143"]
[BlackElo "2071"]
[PlyCount "81"]
[EventDate "2024.09.11"]
[WhiteTeam "Cuba"]
[BlackTeam "Moldova"]
[WhiteTeamCountry "CUB"]
[BlackTeamCountry "MDA"]

1. e4 c5 2. Nf3 d6 3. Bb5+ Bd7 4. Bxd7+ Qxd7 5. O-O Nf6 6. Re1 Nc6 7. c3 e6 8. d3 Be7 9. Nbd2 Rc8 ({RR} 9... Qc7 10. a3 O-O 11. b4 b5 12. Bb2 d5 13. exd5 exd5 14. bxc5 Bxc5 15. Nf1 Qb6 16. Qc2 Rac8 17. Ng3 d4 18. Nf5 dxc3 19. Bxc3 Nb8 20. d4 Bd6 21. Qd2 Bf4 22. Qxf4 Rxc3 23. Qg5 g6 24. Nh6+ {1-0 Katz,A (2412)-Fernandez Camello,A (2199) Merida World Heritage op 2nd 2022 (8)}) 10. Nf1 O-O 11. Bg5 $146 ({RR} 11. Ng3 Rfd8 12. h3 Ne5 13. Nh2 c4 14. dxc4 Rxc4 15. f4 Ng6 16. Ng4 Qc6 17. Ne3 Ra4 18. Nc2 Nxe4 19. Nd4 Rxd4 20. Qxd4 Nxg3 21. Kh2 Nh4 22. Qf2 Nhf5 23. Qxa7 b6 24. Qa6 Bh4 25. Be3 Nxe3 {0-1 Puljek Salai,Z (2200)-Grosar,K (2225) CRO-chT2 Medulin 1997}) ({RR} 11. Ng3 b5 12. d4 cxd4 13. cxd4 d5 14. e5 Ne4 15. Nxe4 dxe4 16. Rxe4 Qd5 17. Rg4 Kh8 18. Bg5 Bxg5 19. Nxg5 h6 20. Nh3 Rcd8 21. Nf4 Qd7 22. Qd3 Nxe5 23. dxe5 Qxd3 24. Nxd3 Rxd3 25. a4 {½-½ Nakamura,H (2736)-So,W (2772) Speed Chess Chess.com INT blitz 2021 (4.11)}) ({RR} 11. Ng3 Rfe8 12. Qe2 b5 13. Bg5 h6 14. Bf4 a6 15. h4 Bf8 16. Rad1 Qb7 17. Nh2 Ne5 18. Bc1 c4 19. d4 Nd3 20. Rxd3 cxd3 21. Qxd3 b4 22. Bd2 bxc3 23. Bxc3 d5 24. e5 Nd7 25. Nh5 f5 {1-0 Luchan,J (2073)-Shepherd,D (2033) US Open-119 Middleton 2018 (4)}) 11... Ne5 12. Ne3 Rfd8 13. Qe2 Ng6 14. g3 h6 15. Bxf6 Bxf6 16. Rad1 d5 17. exd5 exd5 18. d4 c4 19. Ne5 Bxe5 20. dxe5 Qb5 21. Nf5 Qd7 22. Qg4 Kh7 23. h4 Rg8 24. Nxh6 Qxg4 25. Nxg4 Rc5 26. h5 Ne7 27. h6 Rd8 28. hxg7 Kxg7 29. Ne3 b5 30. f4 a5 31. Kf2 b4 32. g4 Rb8 33. f5 Nc6 34. Rxd5 Rxd5 35. Nxd5 bxc3 36. bxc3 Rb2+ 37. Kf3 Rxa2 38. e6 fxe6 39. fxe6 Rd2 40. e7 Rd3+ 41. Kf4 1-0

[Event "Olympiad Women 2024"]
[Site "Budapest HUN"]
[Date "2024.09.14"]
[Round "4.18"]
[Board "3"]
[White "Bargan, Victoria"]
[Black "Miranda Llanes, Yerisbel"]
[Result "1/2-1/2"]
[WhiteElo "1941"]
[BlackElo "2294"]
[PlyCount "179"]
[EventDate "2024.09.11"]
[WhiteTeam "Moldova"]
[BlackTeam "Cuba"]
[WhiteTeamCountry "MDA"]
[BlackTeamCountry "CUB"]

1. d4 Nf6 2. Bf4 d5 3. e3 e6 4. Nf3 Bd6 5. Nbd2 O-O 6. Bg3 c5 7. c3 Qc7 8. Bd3 Nbd7 9. O-O Bxg3 10. hxg3 e5 11. e4 dxe4 12. Nxe4 Nxe4 13. Bxe4 Nf6 14. Re1 exd4 15. cxd4 cxd4 16. Qxd4 Rd8 17. Qb4 a5 18. Qb5 Nxe4 19. Rxe4 Be6 20. Rae1 h6 21. b3 $146 ({RR} 21. Nd4 Bd7 22. Qh5 Qd6 23. g4 Qf6 24. Nf3 Bc6 25. R4e3 Rd5 26. Ne5 Rd2 27. R1e2 Rd1+ 28. Re1 Rd2 29. R1e2 Rxe2 30. Rxe2 Qe6 31. Re3 Qxa2 32. b3 Bd5 33. Nf3 Rd8 34. Qh4 Rc8 35. g5 Bxf3 {0-1 Rosner,J (2413)-Huschenbeth,N (2603) GER-ch 37th Magdeburg 2019 (9)}) 21... Rd5 22. Rc4 Rxb5 23. Rxc7 Rd8 24. Rec1 Rb4 25. Re7 Kf8 26. Rcc7 Re8 27. Rxe8+ Kxe8 28. Ne5 a4 29. bxa4 Kd8 30. Rc3 Bxa2 31. Ra3 Be6 32. a5 Rb1+ 33. Kh2 Rb2 34. a6 bxa6 35. Rxa6 Rxf2 36. Ra7 Ke8 37. Kg1 Re2 38. Nf3 Bd7 39. Ra1 Kf8 40. Kf1 Bb5 41. Kg1 Rb2 42. Rd1 g5 43. Nd4 Bd7 44. Rf1 Bg4 45. Nf5 Rb6 46. Ne3 Be6 47. Kh2 h5 48. Rf2 Rb5 49. Nd1 Kg7 50. Nc3 Rb4 51. Rd2 Rc4 52. Ne2 Bg4 53. Nd4 f6 54. Rd3 Kg6 55. Rd2 Ra4 56. Nc6 Kf7 57. Nd4 Bd7 58. Ne2 Be6 59. Kg1 Re4 60. Kf2 Bc4 61. Nd4 Kg6 62. Nc2 Be6 63. Ne3 f5 64. Nc2 Kf6 65. Nd4 Bc4 66. Nc2 Bf7 67. Nd4 Re5 68. Ne2 Ra5 69. Nc3 Ra3 70. Nb5 Ra2 71. Rxa2 Bxa2 72. Nc3 Bc4 73. Nb1 Ke5 74. Nd2 Bd5 75. Nf1 Be4 76. Nh2 Kd4 77. Nf1 Bd3 78. Ne3 f4 79. gxf4 gxf4 80. Nf1 Bxf1 81. Kxf1 Ke3 82. Ke1 h4 83. Kf1 Ke4 84. Kf2 Kf5 85. Kf3 Kg5 86. Ke2 Kg4 87. Kf2 h3 88. gxh3+ Kxh3 89. Kf3 Kh4 90. Kxf4 1/2-1/2

[Event "Olympiad Women 2024"]
[Site "Budapest HUN"]
[Date "2024.09.14"]
[Round "4.18"]
[Board "4"]
[White "Hernandez Gil, Ineymig"]
[Black "Petricenco, Ana"]
[Result "1/2-1/2"]
[WhiteElo "2160"]
[BlackElo "1894"]
[PlyCount "94"]
[EventDate "2024.09.11"]
[WhiteTeam "Cuba"]
[BlackTeam "Moldova"]
[WhiteTeamCountry "CUB"]
[BlackTeamCountry "MDA"]

1. e4 c5 2. Nf3 d6 3. Bb5+ Nd7 4. a4 Ngf6 5. Nc3 a6 6. Be2 b6 7. d4 cxd4 8. Nxd4 Bb7 9. O-O e6 10. f3 Be7 11. Kh1 $146 ({RR} 11. Be3 O-O 12. Qd2 Rc8 13. Rad1 Qc7 14. Nb3 Rfe8 15. Rfe1 Qb8 16. Bf1 Bd8 17. Qf2 Bc7 18. g3 h5 19. Bg2 Ba8 20. Nd4 Ne5 21. Bg5 Nh7 22. Bc1 Nf6 23. Bg5 Bd8 24. h3 Rxc3 25. bxc3 Nxe4 {0-1 Martinez Pla,X (2251)-Dominguez Perez,L (2752) Titled Tue 16th Jan Early 2024 (7)}) ({RR} 11. Be3 O-O 12. Qe1 h6 13. Qf2 Qc7 14. Rfd1 Rfc8 15. Rd2 Bf8 16. Rad1 Qb8 17. Nb3 Nc5 18. Nxc5 bxc5 19. Bc4 Bc6 20. b3 Rc7 21. Qg3 Nh5 22. Qh4 Nf6 23. Qg3 Nh5 24. Qh3 Nf6 25. g4 Qb4 {0-1 Narayanan,S (2297)-Lu,M (2412) 1000GM Vegas Super Swiss 2023 (7.10)}) 11... O-O 12. Nb3 d5 13. exd5 Nxd5 14. Nxd5 Bxd5 15. c4 Bb7 16. Be3 a5 17. Nd4 Bc5 18. Qc1 Qe7 19. Rd1 Rfd8 20. b3 Rac8 21. Ra2 e5 22. Nf5 Qe6 23. Bxc5 Qxf5 24. Be7 Re8 25. Qg5 Qxg5 26. Bxg5 Nc5 27. Be3 Rcd8 28. Rad2 Rxd2 29. Rxd2 Nxb3 30. Rd6 Nd4 31. Bd3 Bc6 32. Kg1 Bxa4 33. Rxb6 Bc2 34. Bf1 h6 35. Rb2 Bg6 36. Rb7 a4 37. Ra7 Bc2 38. f4 Nf5 39. Bb6 e4 40. g4 Nh4 41. c5 e3 42. Be2 Be4 43. Rxa4 Bf3 44. Kf1 Bg2+ 45. Kg1 Bf3 46. Kf1 Bg2+ 47. Kg1 Bf3 1/2-1/2

[Event "Olympiad Women 2024"]
[Site "Budapest HUN"]
[Date "2024.09.14"]
[Round "4.19"]
[Board "1"]
[White "Theissl Pokorna, Regina"]
[Black "Noshin, Anjum"]
[Result "1-0"]
[WhiteElo "2302"]
[BlackElo "2085"]
[PlyCount "97"]
[EventDate "2024.09.11"]
[WhiteTeam "Austria"]
[BlackTeam "Bangladesh"]
[WhiteTeamCountry "AUT"]
[BlackTeamCountry "BAN"]

1. e4 e5 2. Nf3 Nc6 3. d4 exd4 4. Bc4 Nf6 5. e5 d5 6. Bb5 Ne4 7. Nxd4 Bd7 8. Bxc6 bxc6 9. O-O Bc5 10. f3 Ng5 11. f4 Ne4 12. Be3 Qb8 13. b3 Qb6 14. Qd3 O-O 15. c3 a5 16. Nd2 Nxd2 17. Qxd2 Rfe8 $146 ({RR} 17... f6 18. Bf2 Rae8 19. Rae1 fxe5 20. fxe5 Bc8 21. Qg5 Be7 22. Qg3 c5 23. Ne2 Ba6 24. Qg4 Bc8 25. Qg3 Ba6 {½-½ Svoboda,S (2331)-Palecek,P (2212) SVK-chT1E 1314 2013 (3.2)}) ({RR} 17... f6 18. exf6 Rxf6 19. a3 Qa6 20. b4 Bb6 21. g3 Qc4 22. Nf3 Bh3 23. Ne5 Qa6 24. Rfe1 axb4 25. cxb4 d4 26. Bf2 c5 27. bxc5 Bxc5 28. Re2 Qb7 29. Bxd4 Rd6 30. Bxc5 Rxd2 31. Rxd2 g5 32. fxg5 {0-1 Hynes,A (2190)-Ledger,D (2261) BCF-chT1a 1011 (4NCL) 2010 (2.14)}) 18. Qf2 Qa6 19. Rad1 a4 20. b4 Bb6 21. Qg3 Qc4 22. f5 Qxc3 23. e6 Bxe6 24. fxe6 Rxe6 25. Bf2 Qxg3 26. hxg3 Bxd4 27. Bxd4 Rae8 28. Rf3 Re2 29. Rf2 Re1+ 30. Rxe1 Rxe1+ 31. Kh2 Rd1 32. Bc5 d4 33. Re2 h6 34. Re7 d3 35. Rxc7 Ra1 36. Rd7 Rxa2 37. Rxd3 f5 38. Rd6 Rc2 39. Rxc6 a3 40. Ra6 a2 41. Ra7 g5 42. Be7 Re2 43. Bf6 Re4 44. b5 Rb4 45. Rb7 Rb1 46. b6 a1=Q 47. Bxa1 Rxa1 48. Rc7 Rb1 49. b7 1-0

[Event "Olympiad Women 2024"]
[Site "Budapest HUN"]
[Date "2024.09.14"]
[Round "4.19"]
[Board "2"]
[White "Ahmed, Walijah"]
[Black "Exler, Veronika"]
[Result "1/2-1/2"]
[WhiteElo "1936"]
[BlackElo "2176"]
[PlyCount "61"]
[EventDate "2024.09.11"]
[WhiteTeam "Bangladesh"]
[BlackTeam "Austria"]
[WhiteTeamCountry "BAN"]
[BlackTeamCountry "AUT"]

1. e4 c6 2. d4 d5 3. e5 c5 4. c3 Nc6 5. Be2 cxd4 6. cxd4 Bf5 7. Nf3 e6 8. O-O Nge7 9. Nc3 Bg4 10. Nh4 Bxe2 11. Nxe2 Ng6 12. Nf3 Be7 ({RR} 12... Bb4 13. Bg5 Be7 14. Bxe7 Qxe7 15. Rc1 O-O 16. Rc3 Rac8 17. Re1 Nb4 {½-½ Xie,J (2542)-Karpov,A (2696) Guangzhou m 2000 (4)}) 13. g3 Qb6 ({RR} 13... f6 14. Nf4 Nxf4 15. Bxf4 f5 16. h4 h6 17. Qd2 O-O 18. Kg2 Qe8 19. Rac1 Rc8 20. a3 Rc7 21. Be3 Qh5 22. Rh1 Rfc8 23. Ne1 b6 24. b4 a5 25. Nd3 axb4 26. axb4 Qf7 27. Ra1 Na7 28. Ra6 {1-0 Macovei,A (2464)-Kozusek,D (2367) 45th Olympiad 2024 (2.34)}) 14. h4 h6 15. b3 $146 ({RR} 15. Be3 O-O-O 16. Rb1 Kb8 17. Nc3 Na5 18. h5 Nf8 19. Nd2 Nd7 20. b4 Nc6 21. Na4 Qb5 22. Nc5 Bxc5 23. a4 Qb6 24. bxc5 Qc7 25. Qg4 Rhg8 26. Rb5 Rde8 27. Rfb1 Ka8 28. Rxb7 Qxb7 29. Rxb7 Kxb7 {1-0 Berdayes Ason,D (2509)-Leslie,A (2088) 45th Barbera Open 2023 (1.7)}) 15... Rc8 16. Be3 Ba3 17. Bc1 Qa5 18. Bxa3 Qxa3 19. Qd2 O-O 20. Kg2 Qb4 21. Rfd1 Rc7 22. Ne1 Nge7 23. Nd3 Qxd2 24. Rxd2 Nf5 25. Rc1 Rcc8 26. Ne1 Nb4 27. a3 Rxc1 28. Nxc1 Rc8 29. Ne2 Na6 30. Rc2 Rxc2 31. Nxc2 1/2-1/2

[Event "Olympiad Women 2024"]
[Site "Budapest HUN"]
[Date "2024.09.14"]
[Round "4.19"]
[Board "3"]
[White "Schloffer, Jasmin-Denise"]
[Black "Nusrat Jahan, Alo"]
[Result "1-0"]
[WhiteElo "2168"]
[BlackElo "2033"]
[PlyCount "77"]
[EventDate "2024.09.11"]
[WhiteTeam "Austria"]
[BlackTeam "Bangladesh"]
[WhiteTeamCountry "AUT"]
[BlackTeamCountry "BAN"]

1. d4 d5 2. c4 e6 3. Nc3 c6 4. e3 Nf6 5. Nf3 Nbd7 6. Be2 Bd6 7. O-O O-O 8. b3 Ne4 9. Nxe4 dxe4 10. Nd2 f5 11. f4 ({RR} 11. Bb2 Bxh2+ 12. Kxh2 Qh4+ 13. Kg1 Rf6 14. f3 Rh6 15. Qe1 Qh2+ 16. Kf2 Qh4+ 17. Kg1 Qh2+ 18. Kf2 Qh4+ 19. Kg1 Qh2+ 20. Kf2 {½-½ Nihal,S (2652)-Ponkratov,P (2659) FIDE Grand Swiss 2021 (4)}) 11... c5 ({RR} 11... exf3 12. Nxf3 b6 13. Qc2 c5 14. e4 cxd4 15. exf5 Nc5 16. Bg5 Qc7 17. b4 Nb7 18. fxe6 Bxe6 19. Bd3 h6 20. Bh7+ Kh8 21. Nh4 Rxf1+ 22. Rxf1 Bg8 23. Bxg8 Kxg8 24. Bxh6 Bxh2+ 25. Kh1 Be5 26. Bg5 {1-0 Dobrikov,M (2248)-Milliet,S (2392) WWRR IM 2024 (9.3)}) 12. Bb2 b6 13. Nb1 $146 ({RR} 13. Qe1 Qe7 14. Rd1 Nf6 15. Qf2 Bb7 16. h3 Rad8 17. Rfe1 Qc7 18. Nf1 Qe7 19. Rd2 cxd4 20. Rxd4 Bc5 21. Rxd8 Rxd8 22. Rd1 Rxd1 23. Bxd1 Bc6 24. Qd2 Qd6 25. Qxd6 Bxd6 26. Bxf6 gxf6 27. Kf2 Kf7 {½-½ Tartakower,S-Gruenfeld,E Ujpest Schachklub 25 Years 1934}) ({RR} 13. Qc2 Bb7 14. Rad1 Qe7 15. Nb1 Rac8 16. Nc3 cxd4 17. exd4 Qh4 18. Bc1 g5 19. g3 Qh3 20. d5 gxf4 21. Bxf4 Bc5+ 22. Kh1 e5 23. Bc1 Rf7 24. Rfe1 Rg7 25. Bf1 Qh5 26. Qg2 Rf8 27. Be2 Qg6 {1-0 Szirmai,E (2190)-Pint,P (2145) Zalakaros op 17th 1998 (4)}) 13... Qc7 14. Na3 a6 15. Nc2 Nf6 16. Qd2 Bb7 17. a3 Rad8 18. Qc3 cxd4 19. Nxd4 Bc8 20. b4 e5 21. Nxf5 Bxf5 22. fxe5 Bg4 23. exd6 Rxd6 24. Rxf6 Rdxf6 25. Bxg4 Qf7 26. h3 h5 27. Be2 Rg6 28. Rf1 Qd7 29. Rxf8+ Kxf8 30. Bxh5 Rg5 31. Bg4 Qe7 32. Qd4 Rg6 33. Qe5 Qxe5 34. Bxe5 Rc6 35. c5 bxc5 36. bxc5 Kf7 37. Bd6 Ke8 38. Bf5 a5 39. Bxe4 1-0